Halsburys Laws of England: Vol 7(1) (Record no. 232516)
[ view plain ]
| 000 -LEADER | |
|---|---|
| fixed length control field | 00570nam a22002057a 4500 |
| 005 - DATE AND TIME OF LATEST TRANSACTION | |
| control field | 20241210135514.0 |
| 008 - FIXED-LENGTH DATA ELEMENTS--GENERAL INFORMATION | |
| fixed length control field | 241210b ||||| |||| 00| 0 eng d |
| 040 ## - CATALOGING SOURCE | |
| Transcribing agency | AL |
| 041 ## - LANGUAGE CODE | |
| Language code of text/sound track or separate title | English |
| 082 ## - DEWEY DECIMAL CLASSIFICATION NUMBER | |
| Edition number | 23 |
| Classification number | 349.42 |
| Item number | HAIH |
| 100 ## - MAIN ENTRY--PERSONAL NAME | |
| Personal name | Hailsham |
| 100 ## - MAIN ENTRY--PERSONAL NAME | |
| 9 (RLIN) | 189523 |
| 245 ## - TITLE STATEMENT | |
| Title | Halsburys Laws of England: Vol 7(1) |
| 260 ## - PUBLICATION, DISTRIBUTION, ETC. | |
| Place of publication, distribution, etc. | London |
| Name of publisher, distributor, etc. | ButterWorths and Co Ltd |
| Date of publication, distribution, etc. | 1988 |
| 300 ## - PHYSICAL DESCRIPTION | |
| Extent | 844 p. |
| Other physical details | HB |
| 365 ## - TRADE PRICE | |
| Price type code | 1061 |
| Price amount | ₹4962.80 |
| Currency code | ₹ |
| Unit of pricing | ₹6845.24 |
| Price note | 27% |
| Price effective from | 28-11-2024 |
| 440 ## - SERIES STATEMENT/ADDED ENTRY--TITLE | |
| Title | Volume 7(1) |
| 9 (RLIN) | 189524 |
| 650 ## - SUBJECT ADDED ENTRY--TOPICAL TERM | |
| Topical term or geographic name entry element | Law |
| 9 (RLIN) | 189525 |
| 650 ## - SUBJECT ADDED ENTRY--TOPICAL TERM | |
| Topical term or geographic name entry element | Companies |
| 9 (RLIN) | 189526 |
| 942 ## - ADDED ENTRY ELEMENTS (KOHA) | |
| Source of classification or shelving scheme | Dewey Decimal Classification |
| Koha item type | Back Issues |
| Withdrawn status | Lost status | Source of classification or shelving scheme | Damaged status | Not for loan | Collection code | Home library | Current library | Date acquired | Source of acquisition | Total Checkouts | Full call number | Barcode | Date last seen | Cost, replacement price | Price effective from | Koha item type |
|---|---|---|---|---|---|---|---|---|---|---|---|---|---|---|---|---|
| Dewey Decimal Classification | Reference Book | Law | St Aloysius Law Library | St Aloysius Law Library | 12/09/2024 | MPP House,Bengaluru | 349.42 HAIH | LL001953 | 12/10/2024 | 6845.24 | 12/10/2024 | Back Issues |